Statistics for The Band Studio Albums

Click here to take the quiz!

General Stats

  • This quiz has been taken 8 times
  • The average score is 6 of 10

Answer Stats

HintAnswer% Correct
1969the band
88%
1968music from big pink
75%
1970stage fright
75%
1971cahoots
63%
1993jericho
63%
1973moondog matinee
63%
1996high on the hog
50%
1977islands
50%
1975northern lights-southern cross
50%
1998jubilation
38%

Score Distribution

Percentile by Number Answered

Percent of People with Each Score

Your Score History

You have not taken this quiz